00685cam a22002297a 4500003000500000005001700005008004100022010001000063011001000073035001000083040000900093082001700102100003800119245006300157260006000220300001100280490003600291650001700327650001400344710006100358830003600419CHAP20220817043129.0971013s1987 r 00010 d a66407 a67379 a76849 cCHAP a080bC5 v.2800aGarcía Saínz, Jesús Adolfo. 0aHormonasb: mensajeros químicos y comunicación celular aMèexico, D. F. :bFondo de Cultura Económica,c1987 a108 p. 3aLa ciencia desde Méxicov; 2814aCitología.14aHormonas.0 aMéxico. Dirección General de Planeación Educativa. 3aLa ciencia desde Méxicov; 28